| 000 | 00620nam a2200205 4500 | ||
|---|---|---|---|
| 001 | 143451 | ||
| 003 | ES-MaACL | ||
| 005 | 20230906200822.0 | ||
| 007 | t| | ||
| 008 | 070214s1982 sp r ||||1| spa d | ||
| 100 | 1 |
_aSennett, Richard. _9105473 |
|
| 245 | 1 | 3 |
_aLa autoridad / _cRichard Sennett ; versión de Fernando Santos Fontenla. |
| 260 |
_aMadrid : _bAlianza, _c1982. |
||
| 300 |
_a186 p. ; _c20 cm. |
||
| 490 | 1 |
_aAlianza universidad ; _v341 |
|
| 700 | 1 |
_aSantos Fontenla, Fernando. _9103502 |
|
| 830 | 0 |
_aAlianza universidad ; _v341 _9177276 |
|
| 852 |
_aES-MaACL _jL-5007 _bR.104656 |
||
| 999 |
_c143451 _d143451 |
||